The walkaway shoes and other stories

Bibliographic Details
Main Author: Blyton, Enid
Corporate Author: Title
Format: Book
Published: London : Award Publications Limited , 2007
Subjects:

MARC

LEADER 00000cam a2200000 7i4500
001 0000001773
005 20151222.0
008 070709
020 |a 0861639278 
090 0 0 |a JF   |b ENG 
100 1 |a Blyton, Enid 
245 1 0 |a The walkaway shoes and other stories   |c Enid Blyton 
260 |a London :   |b Award Publications Limited ,   |c 2007 
500 |a Children ages 10-12 years old (pink) 
650 0 |a Fairy tale 
650 0 |a Junior fiction   |x English   |x Languages 
710 0 |a Title 
999 |a 0000961452   |b Book   |c Children Collection   |e Cawangan Tmn. Ungku Tun Aminah 
999 |a 0000961453   |b Book   |c Children Collection   |e Cawangan Sri Merlong 
999 |a 0000964980   |b Book   |c Children Collection   |e Cawangan Taman Universiti 
999 |a 0000965952   |b Book   |c Children Collection   |e Cawangan Tmn. Ungku Tun Aminah 
999 |a 0000965953   |b Book   |c Children Collection   |e Perbadanan Perpustakaan Awam Johor 
999 |a 0000965954   |b Book   |c Children Collection   |e Cawangan Pontian